[Event "European Club Cup 2006"]
[Site "Fuegen AUT"]
[Date "2006.10.13"]
[Round "6.6"]
[White "Sakaev, Konstantin"]
[Black "Iljin, Artem"]
[Result "1/2-1/2"]
[WhiteElo "2641"]
[BlackElo "2513"]
[PlyCount "92"]
[EventDate "2006.10.08"]
[EventType "team"]
[EventRounds "7"]
[EventCountry "AUT"]
[Source "lmi"]
[SourceDate "2006.10.08"]

1. Nf3 Nf6 2. g3 b6 3. d4 Bb7 4. c4 e6 5. Bg2 Be7 6. Nc3 O-O 7. O-O Na6 8. Bf4
Ne4 9. Rc1 f5 10. a3 Bf6 11. Be5 d6 12. Bxf6 Qxf6 13. e3 c5 14. Nb5 Bc6 15. Qe2
Qe7 16. Nd2 Nxd2 17. Qxd2 Bxg2 18. Kxg2 Nc7 19. Nc3 Rad8 20. d5 e5 21. f3 Ne8
22. Qd3 g6 23. e4 f4 24. g4 h5 25. h3 Qh4 26. Rh1 Nf6 27. Rcg1 Kg7 28. Qe2 Rh8
29. Qf2 hxg4 30. hxg4 Qg5 31. Kf1 a6 32. Ke1 Rb8 33. Qf1 Rh4 34. Rxh4 Qxh4+ 35.
Qf2 Rh8 36. Qxh4 Rxh4 37. Kf2 Rh2+ 38. Rg2 Rh1 39. Rg1 Rh2+ 40. Rg2 Rh3 41. Na4
Nd7 42. Rg1 Nf6 43. Nc3 Nh7 44. Kg2 Ng5 45. Kf2 Nh7 46. Rg2 Nf6 1/2-1/2

[Event "European Club Cup 2006"]
[Site "Fuegen AUT"]
[Date "2006.10.13"]
[Round "6.9"]
[White "Navara, David"]
[Black "Heberla, Bartlomiej"]
[Result "1-0"]
[WhiteElo "2725"]
[BlackElo "2569"]
[PlyCount "79"]
[EventDate "2006.10.08"]
[EventType "team"]
[EventRounds "7"]
[EventCountry "AUT"]
[Source "lmi"]
[SourceDate "2006.10.08"]

1. d4 Nf6 2. c4 e6 3. Nf3 d5 4. Nc3 dxc4 5. e3 a6 6. Bxc4 b5 7. Bb3 Bb7 8. O-O
c5 9. Qe2 Nbd7 10. Rd1 Qb8 11. Bc2 Bd6 12. dxc5 Bxc5 13. h3 O-O 14. e4 Nb6 15.
Bg5 b4 16. Nb1 h6 17. Bxf6 gxf6 18. Nbd2 Rd8 19. Nb3 Bf8 20. Na5 Qc7 21. Rxd8
Rxd8 22. Bd3 Ba8 23. Bxa6 Qa7 24. Rc1 Bxe4 25. Qxe4 Qxa6 26. Qg4+ Kh8 27. Qh5
Rd7 28. Rc6 Qa7 29. Nb3 Qb7 30. Nfd4 Rc7 31. Nc5 Qc8 32. Rxb6 Bxc5 33. Qxh6+
Kg8 34. Rb5 Bxd4 35. Rh5 Rc1+ 36. Kh2 Be5+ 37. g3 Bxg3+ 38. Kxg3 Qc7+ 39. f4
Rg1+ 40. Kh4 1-0

[Event "European Club Cup 2006"]
[Site "Fuegen AUT"]
[Date "2006.10.13"]
[Round "6.11"]
[White "Korotylev, Alexey"]
[Black "Bernasek, Jan"]
[Result "1-0"]
[WhiteElo "2613"]
[BlackElo "2470"]
[PlyCount "65"]
[EventDate "2006.10.08"]
[EventType "team"]
[EventRounds "7"]
[EventCountry "AUT"]
[Source "lmi"]
[SourceDate "2006.10.08"]

1. d4 f5 2. g3 Nf6 3. Bg2 g6 4. Nf3 Bg7 5. c4 O-O 6. b4 d6 7. Bb2 c6 8. O-O a5
9. b5 cxb5 10. cxb5 Ne4 11. Nc3 Nxc3 12. Bxc3 e6 13. Qd3 Nd7 14. e4 d5 15. exd5
exd5 16. Bd2 Nf6 17. Bf4 Bd7 18. Rac1 Qb6 19. a4 Rac8 20. Be5 Ne4 21. Bxg7 Kxg7
22. Ne5 Qd6 23. h4 Nf6 24. Bf3 h5 25. Qd2 b6 26. Qf4 Ne4 27. Kg2 Kh7 28. Rfe1
Kg7 29. Bxh5 gxh5 30. f3 Nf6 31. Qg5+ Kh8 32. Ng6+ Kh7 33. Rxc8 1-0

[Event "European Club Cup 2006"]
[Site "Fuegen AUT"]
[Date "2006.10.13"]
[Round "6.12"]
[White "Petr, Martin"]
[Black "Amonatov, Farrukh"]
[Result "1-0"]
[WhiteElo "2417"]
[BlackElo "2567"]
[PlyCount "125"]
[EventDate "2006.10.08"]
[EventType "team"]
[EventRounds "7"]
[EventCountry "AUT"]
[Source "lmi"]
[SourceDate "2006.10.08"]

1. e4 c5 2. Nf3 d6 3. d4 cxd4 4. Nxd4 Nf6 5. Nc3 a6 6. Be2 e5 7. Nb3 Be7 8. O-O
O-O 9. a4 Nc6 10. Bf3 Nb4 11. a5 Be6 12. Re1 Bxb3 13. cxb3 Nc6 14. Nd5 Nxd5 15.
Qxd5 Bg5 16. Be3 Bxe3 17. fxe3 Rc8 18. Bg4 Rc7 19. Rad1 Qe7 20. Be2 Rd7 21. Qd2
g6 22. b4 Qh4 23. Bf3 Rdd8 24. Qc3 Kg7 25. Re2 Rc8 26. Qb3 Rfd8 27. Rf2 Rc7 28.
g3 Qg5 29. Rdf1 Rf8 30. Kg2 h5 31. h4 Qe7 32. Be2 d5 33. exd5 Qxb4 34. Qc2 Qxa5
35. dxc6 Rxc6 36. Qb3 Qc7 37. Bf3 Rb6 38. Qc3 Qxc3 39. bxc3 Rd8 40. c4 f5 41.
Bd5 e4 42. Rd2 Rbd6 43. Rfd1 Kf6 44. Rd4 Rb6 45. R1d2 Rb1 46. c5 a5 47. Ba2
Rxd4 48. exd4 Rb5 49. Kf2 a4 50. Rc2 Ke7 51. Ke3 a3 52. Rc3 Rb2 53. Rxa3 Rg2
54. Kf4 Kf6 55. Ra8 Rf2+ 56. Ke3 Rf3+ 57. Ke2 Rxg3 58. Rf8+ Ke7 59. Rf7+ Ke8
60. Be6 Rc3 61. d5 Rc2+ 62. Kd1 Rc4 63. d6 1-0

[Event "European Club Cup 2006"]
[Site "Fuegen AUT"]
[Date "2006.10.13"]
[Round "6.16"]
[White "Tkachiev, Vladislav"]
[Black "Roeder, Mathias"]
[Result "1-0"]
[WhiteElo "2645"]
[BlackElo "2456"]
[PlyCount "65"]
[EventDate "2006.10.08"]
[EventType "team"]
[EventRounds "7"]
[EventCountry "AUT"]
[Source "lmi"]
[SourceDate "2006.10.08"]

1. d4 Nf6 2. c4 e6 3. g3 c5 4. Nf3 cxd4 5. Nxd4 Qb6 6. Bg2 Bc5 7. e3 Nc6 8. O-O
d5 9. cxd5 exd5 10. Nc3 Bb4 11. Nxd5 Nxd5 12. Bxd5 O-O 13. a3 Be7 14. Nxc6 bxc6
15. Be4 Ba6 16. Re1 Rad8 17. Qc2 Qa5 18. b4 Bxb4 19. axb4 Qxa1 20. Bxh7+ Kh8
21. Be4 f5 22. Bxf5 Rxf5 23. Qxf5 Qc3 24. Qh5+ Kg8 25. Rd1 Rd3 26. Kg2 c5 27.
Qe8+ Kh7 28. Qe4+ Kh8 29. Rxd3 Bxd3 30. Qe8+ Kh7 31. Qh5+ Kg8 32. Qd5+ Kh7 33.
Bb2 1-0

[Event "European Club Cup 2006"]
[Site "Fuegen AUT"]
[Date "2006.10.13"]
[Round "6.17"]
[White "Gulbas, Cemil"]
[Black "Inarkiev, Ernesto"]
[Result "0-1"]
[WhiteElo "2379"]
[BlackElo "2628"]
[PlyCount "60"]
[EventDate "2006.10.08"]
[EventType "team"]
[EventRounds "7"]
[EventCountry "AUT"]
[Source "lmi"]
[SourceDate "2006.10.08"]

1. e4 c5 2. Nf3 Nc6 3. d4 cxd4 4. Nxd4 g6 5. Nc3 Bg7 6. Nde2 Nf6 7. g3 O-O 8.
Bg2 d6 9. h3 Rb8 10. a4 a6 11. O-O b5 12. axb5 axb5 13. Bg5 Nd7 14. Qc1 b4 15.
Nd5 Re8 16. Rd1 Bb7 17. Bh6 Bh8 18. Ra2 Qc8 19. Qd2 Nc5 20. b3 Ba6 21. Be3 e6
22. Ndf4 Rd8 23. h4 h5 24. Nh3 Bb7 25. f4 Bg7 26. Nf2 Ne7 27. Ra7 Na6 28. e5
Bxg2 29. Kxg2 Nc6 30. Rxa6 dxe5 0-1

[Event "European Club Cup 2006"]
[Site "Fuegen AUT"]
[Date "2006.10.13"]
[Round "6.19"]
[White "Georgiev, Kiril"]
[Black "Nisipeanu, Liviu Dieter"]
[Result "0-1"]
[WhiteElo "2680"]
[BlackElo "2690"]
[PlyCount "74"]
[EventDate "2006.10.08"]
[EventType "team"]
[EventRounds "7"]
[EventCountry "AUT"]
[Source "lmi"]
[SourceDate "2006.10.08"]

1. d4 Nf6 2. Nf3 e6 3. c4 c5 4. d5 b5 5. dxe6 fxe6 6. cxb5 d5 7. g3 a6 8. bxa6
Bd6 9. Bg2 O-O 10. O-O Nc6 11. b3 Bxa6 12. Bb2 Qe8 13. Nbd2 Rd8 14. Re1 Ng4 15.
h3 Nxf2 16. Kxf2 Nd4 17. g4 h5 18. g5 Qf7 19. e3 Nxf3 20. Nxf3 Bh2 21. Bf1 Qc7
22. Bxa6 Qg3+ 23. Ke2 Qg2+ 24. Kd3 c4+ 25. Kc3 Rxf3 26. Qd4 Rf2 27. Qb6 Be5+
28. Kb4 Rb8 29. Bb7 Bxb2 30. Qxe6+ Kh8 31. Kc5 Bxa1 32. Bxd5 Qxg5 33. Rxa1 c3
34. h4 Qxh4 35. e4 c2 36. Rc1 Qg5 37. Qh3 Qxc1 0-1

[Event "European Club Cup 2006"]
[Site "Fuegen AUT"]
[Date "2006.10.13"]
[Round "6.22"]
[White "Tregubov, Pavel V"]
[Black "Nedev, Trajce"]
[Result "1-0"]
[WhiteElo "2596"]
[BlackElo "2518"]
[PlyCount "117"]
[EventDate "2006.10.08"]
[EventType "team"]
[EventRounds "7"]
[EventCountry "AUT"]
[Source "lmi"]
[SourceDate "2006.10.08"]

1. d4 Nf6 2. c4 g6 3. Nc3 d5 4. Nf3 Bg7 5. e3 O-O 6. cxd5 Nxd5 7. Bc4 Nb6 8.
Bb3 Nc6 9. O-O e5 10. d5 Na5 11. e4 Bg4 12. Bc2 c6 13. h3 Bxf3 14. Qxf3 cxd5
15. exd5 Rc8 16. Rd1 Nac4 17. Bb3 Nd6 18. Ne4 Nbc4 19. Bxc4 Rxc4 20. Nxd6 Qxd6
21. Qb3 Rc7 22. Bd2 Rfc8 23. Bb4 Qd7 24. Qe3 a6 25. Be7 h5 26. d6 Rc6 27. Rac1
Kh7 28. Rxc6 Rxc6 29. Qb3 Kg8 30. Qd5 Rc2 31. Rd3 Rc1+ 32. Kh2 e4 33. Qxe4 Rc5
34. f4 b5 35. b3 Kh7 36. Rd5 Rxd5 37. Qxd5 Kg8 38. Qa8+ Kh7 39. Qd5 Kg8 40. Qc5
Bh6 41. Kg3 Qb7 42. Bf6 h4+ 43. Bxh4 Qe4 44. Qe5 Qd3+ 45. Kh2 Bf8 46. Be7 Bh6
47. Bg5 Bf8 48. Qe8 Qxd6 49. Bh6 a5 50. a4 bxa4 51. bxa4 Qe7 52. Qxf8+ Qxf8 53.
Bxf8 Kxf8 54. g4 Ke7 55. Kg3 Ke6 56. Kf3 f6 57. h4 g5 58. fxg5 fxg5 59. h5 1-0

[Event "European Club Cup 2006"]
[Site "Fuegen AUT"]
[Date "2006.10.13"]
[Round "6.23"]
[White "Stanojoski, Zvonko"]
[Black "David, Alberto"]
[Result "1/2-1/2"]
[WhiteElo "2488"]
[BlackElo "2534"]
[PlyCount "102"]
[EventDate "2006.10.08"]
[EventType "team"]
[EventRounds "7"]
[EventCountry "AUT"]
[Source "lmi"]
[SourceDate "2006.10.08"]

1. e4 e5 2. Nf3 Nc6 3. Bb5 a6 4. Bxc6 dxc6 5. Nc3 f6 6. d4 exd4 7. Qxd4 Qxd4 8.
Nxd4 Bd7 9. Be3 O-O-O 10. O-O-O Bb4 11. Nde2 Ne7 12. Na4 Be6 13. Bc5 a5 14. Nf4
Bf7 15. a3 Bxc5 16. Nxc5 b6 17. Rxd8+ Rxd8 18. Nce6 Rg8 19. Nd4 Re8 20. h4 c5
21. Nde2 f5 22. Ng3 fxe4 23. Re1 Ng6 24. Nxg6 Bxg6 25. h5 Bf7 26. h6 gxh6 27.
Rxe4 Rg8 28. Rh4 h5 29. Rh2 Bd5 30. Rxh5 Bxg2 31. Rh2 Bf3 32. Rxh7 Rd8 33. b3
Rd1+ 34. Kb2 Bc6 35. Nf5 Rd2 36. Ne7+ Kb7 37. Nxc6 Kxc6 38. Rf7 Rd4 39. a4 c4
40. Kc3 cxb3 41. cxb3 Rb4 42. Rf3 b5 43. Rf6+ Kd7 44. axb5 Rxb5 45. Rf4 Ke6 46.
Kb2 Rf5 47. Rxf5 Kxf5 48. Ka3 Kf4 49. Ka4 Kf3 50. Kxa5 Kxf2 51. Kb5 Ke3 1/2-1/2

[Event "European Club Cup 2006"]
[Site "Fuegen AUT"]
[Date "2006.10.13"]
[Round "6.24"]
[White "Apicella, Manuel"]
[Black "Jacimovic, Dragoljub"]
[Result "1/2-1/2"]
[WhiteElo "2538"]
[BlackElo "2427"]
[PlyCount "66"]
[EventDate "2006.10.08"]
[EventType "team"]
[EventRounds "7"]
[EventCountry "AUT"]
[Source "lmi"]
[SourceDate "2006.10.08"]

1. e4 e6 2. d4 d5 3. Nc3 Bb4 4. e5 c5 5. a3 Bxc3+ 6. bxc3 Qa5 7. Bd2 Qa4 8. Qg4
g6 9. Qd1 b6 10. h4 Ba6 11. Bxa6 Qxa6 12. h5 Nc6 13. hxg6 fxg6 14. Qg4 Kd7 15.
Nf3 h5 16. Qxg6 Nge7 17. Qd3 Qxd3 18. cxd3 cxd4 19. cxd4 Nf5 20. Bc3 Rag8 21.
Rh2 Rg4 22. Ke2 b5 23. Rah1 a5 24. g3 b4 25. axb4 axb4 26. Bb2 h4 27. gxh4 Rh5
28. Ra1 Kc7 29. Rhh1 Ncxd4+ 30. Nxd4 Nxd4+ 31. Bxd4 Rxd4 32. Ke3 Rdxh4 33. Rxh4
Rxh4 1/2-1/2

[Event "European Club Cup 2006"]
[Site "Fuegen AUT"]
[Date "2006.10.13"]
[Round "6.33"]
[White "Lehner, Oliver"]
[Black "Hracek, Zbynek"]
[Result "0-1"]
[WhiteElo "2421"]
[BlackElo "2614"]
[PlyCount "84"]
[EventDate "2006.10.08"]
[EventType "team"]
[EventRounds "7"]
[EventCountry "AUT"]
[Source "lmi"]
[SourceDate "2006.10.08"]

1. Nf3 c5 2. c4 g6 3. g3 Bg7 4. Bg2 Nc6 5. Nc3 d6 6. a3 Qd7 7. e3 Bxc3 8. dxc3
b6 9. e4 Bb7 10. O-O O-O-O 11. Qe2 f6 12. b4 g5 13. a4 a5 14. bxc5 bxc5 15. e5
Nxe5 16. Nxe5 fxe5 17. Bxb7+ Qxb7 18. Bxg5 Nf6 19. Bxf6 exf6 20. Rab1 Qc6 21.
Qg4+ Kc7 22. Rb5 h5 23. Qg7+ Qd7 24. Qxf6 Rhf8 25. Qg6 Qf5 26. Qxf5 Rxf5 27.
Rfb1 Rf3 28. Rxa5 Rxc3 29. Ra7+ Kc6 30. Ra6+ Kd7 31. Rb7+ Ke6 32. Rh7 Rxc4 33.
Rxh5 Rc1+ 34. Kg2 c4 35. h4 c3 36. Rc6 Kd5 37. Rc7 Kd4 38. Rhh7 d5 39. h5 Ra1
40. g4 Rxa4 41. Kf1 Kd3 42. g5 Rc4 0-1

[Event "European Club Cup 2006"]
[Site "Fuegen AUT"]
[Date "2006.10.13"]
[Round "6.35"]
[White "Schwarz, Michael"]
[Black "Schandorff, Lars"]
[Result "1/2-1/2"]
[WhiteElo "2399"]
[BlackElo "2534"]
[PlyCount "124"]
[EventDate "2006.10.08"]
[EventType "team"]
[EventRounds "7"]
[EventCountry "AUT"]
[Source "lmi"]
[SourceDate "2006.10.08"]

1. Nf3 Nf6 2. d4 d5 3. g3 c6 4. Bg2 Bf5 5. O-O e6 6. c4 Nbd7 7. Nc3 h6 8. Qb3
Qb6 9. c5 Qxb3 10. axb3 a6 11. b4 Rc8 12. Bf4 Ne4 13. Nxe4 Bxe4 14. Ne5 Bxg2
15. Kxg2 Nxe5 16. Bxe5 f6 17. Bf4 g5 18. Be3 Be7 19. f4 f5 20. Bd2 Kd7 21. e3
Rcg8 22. Kf3 Bf6 23. Rg1 h5 24. Rg2 Rg7 25. Rag1 Kc7 26. Bc3 Rhg8 27. Ra1 Be7
28. Rag1 Kd7 29. Ra1 Bf6 30. Rag1 Kc8 31. Ra1 Kb8 32. Rag1 Be7 33. Ra1 Bd8 34.
Bd2 Bf6 35. Bc3 Ka7 36. Rag1 Bd8 37. Ra1 Rh7 38. Rag1 Rgh8 39. Ra1 g4+ 40. Ke2
h4 41. Be1 hxg3 42. hxg3 Rh1 43. Rd1 R8h2 44. Rxh2 Rxh2+ 45. Bf2 b6 46. Kf1
Rh1+ 47. Ke2 Rxd1 48. Kxd1 a5 49. cxb6+ Kxb6 50. bxa5+ Kxa5 51. Kc2 Ka4 52. Be1
Bb6 53. Bc3 Ba7 54. Bd2 c5 55. dxc5 Bxc5 56. Kd3 Kb3 57. Bc3 Bb6 58. Bf6 Bc5
59. Bg7 Bb4 60. Ke2 Kc2 61. Be5 Bc5 62. Bf6 Bb4 1/2-1/2

[Event "European Club Cup 2006"]
[Site "Fuegen AUT"]
[Date "2006.10.13"]
[Round "6.36"]
[White "Fish, Gennadij"]
[Black "Kleissl, Helmut"]
[Result "1-0"]
[WhiteElo "2529"]
[BlackElo "2320"]
[PlyCount "59"]
[EventDate "2006.10.08"]
[EventType "team"]
[EventRounds "7"]
[EventCountry "AUT"]
[Source "lmi"]
[SourceDate "2006.10.08"]

1. d4 d6 2. Nf3 Bg4 3. e4 e6 4. Be2 Nf6 5. Nc3 Be7 6. Be3 d5 7. e5 Nfd7 8. Nd2
Bxe2 9. Nxe2 c5 10. c3 Nc6 11. O-O Qb6 12. b4 cxd4 13. Nxd4 Nxd4 14. Bxd4 Qc7
15. f4 O-O 16. Qe2 g6 17. g4 a5 18. a3 Ra6 19. f5 exf5 20. gxf5 gxf5 21. Rae1
axb4 22. axb4 Rg6+ 23. Kh1 Qc6 24. Rxf5 Qe6 25. Qh5 f6 26. Nf3 fxe5 27. Rxf8+
Bxf8 28. Nxe5 Bd6 29. Nf3 Qf7 30. Ng5 1-0

[Event "European Club Cup 2006"]
[Site "Fuegen AUT"]
[Date "2006.10.13"]
[Round "6.37"]
[White "Sokolov, Andrei"]
[Black "Huzman, Alexander"]
[Result "1/2-1/2"]
[WhiteElo "2580"]
[BlackElo "2585"]
[PlyCount "26"]
[EventDate "2006.10.08"]
[EventType "team"]
[EventRounds "7"]
[EventCountry "AUT"]
[Source "lmi"]
[SourceDate "2006.10.08"]

1. e4 e6 2. d4 d5 3. Nc3 dxe4 4. Nxe4 Nd7 5. Nf3 Ngf6 6. Bg5 h6 7. Nxf6+ Nxf6
8. Be3 Bd6 9. Bd3 b6 10. Bb5+ Bd7 11. Qe2 Bxb5 12. Qxb5+ Qd7 13. Qxd7+ Nxd7
1/2-1/2

[Event "European Club Cup 2006"]
[Site "Fuegen AUT"]
[Date "2006.10.13"]
[Round "6.38"]
[White "Roiz, Michael"]
[Black "Riff, Jean Noel"]
[Result "1-0"]
[WhiteElo "2611"]
[BlackElo "2445"]
[PlyCount "89"]
[EventDate "2006.10.08"]
[EventType "team"]
[EventRounds "7"]
[EventCountry "AUT"]
[Source "lmi"]
[SourceDate "2006.10.08"]

1. d4 Nf6 2. Nf3 e6 3. c4 Nc6 4. a3 d6 5. Nc3 g6 6. e4 Bg7 7. h3 O-O 8. Bg5 h6
9. Be3 Re8 10. Bd3 Nd7 11. Be2 e5 12. d5 Nd4 13. Nxd4 exd4 14. Bxd4 Bxd4 15.
Qxd4 Qg5 16. O-O Nc5 17. f4 Qh4 18. Qe3 Qe7 19. Bf3 g5 20. Bh5 Rf8 21. Rae1 Nd7
22. Bg4 gxf4 23. Qxf4 Qg5 24. Qxg5+ hxg5 25. Bxd7 Bxd7 26. e5 dxe5 27. Rxe5 f5
28. Re7 Rf7 29. Rfe1 Kf8 30. Rxf7+ Kxf7 31. Kf2 a5 32. Rh1 Rh8 33. g3 Rh6 34.
c5 Rh7 35. Ke3 Kf6 36. Kd4 f4 37. gxf4 gxf4 38. Ne4+ Kf5 39. Rg1 f3 40. Ke3 Ke5
41. Rg5+ Bf5 42. Ng3 Kxd5 43. Rxf5+ Kc4 44. c6 bxc6 45. Kd2 1-0

[Event "European Club Cup 2006"]
[Site "Fuegen AUT"]
[Date "2006.10.13"]
[Round "6.39"]
[White "Volke, Karsten"]
[Black "Golod, Vitali"]
[Result "1/2-1/2"]
[WhiteElo "2478"]
[BlackElo "2582"]
[PlyCount "38"]
[EventDate "2006.10.08"]
[EventType "team"]
[EventRounds "7"]
[EventCountry "AUT"]
[Source "lmi"]
[SourceDate "2006.10.08"]

1. d4 d5 2. c4 c6 3. Nf3 Nf6 4. Nc3 a6 5. c5 Nbd7 6. Bf4 Nh5 7. Bd2 Nhf6 8. Rc1
g6 9. h3 Bg7 10. Bf4 Ne4 11. e3 Nxc3 12. bxc3 Qa5 13. Be2 e5 14. Nxe5 Nxe5 15.
Bxe5 Bxe5 16. dxe5 Qxc5 17. Qd4 Qe7 18. O-O O-O 19. f4 f6 1/2-1/2

[Event "European Club Cup 2006"]
[Site "Fuegen AUT"]
[Date "2006.10.13"]
[Round "6.40"]
[White "Khmelniker, Ilya"]
[Black "Kaenel, Hansjuerg"]
[Result "1/2-1/2"]
[WhiteElo "2404"]
[BlackElo "2388"]
[PlyCount "54"]
[EventDate "2006.10.08"]
[EventType "team"]
[EventRounds "7"]
[EventCountry "AUT"]
[Source "lmi"]
[SourceDate "2006.10.08"]

1. d4 f5 2. Bg5 d5 3. e3 c6 4. Nf3 Nf6 5. Bxf6 exf6 6. c4 Be6 7. cxd5 Bxd5 8.
Nc3 Bb4 9. Bd3 g6 10. O-O Bxc3 11. bxc3 O-O 12. Rb1 b6 13. c4 Bf7 14. Qa4 Qc7
15. Rfd1 Nd7 16. Bf1 Rac8 17. g3 Rfd8 18. Bg2 Kg7 19. Ne1 c5 20. d5 Ne5 21. f4
Be8 22. Qb3 Nf7 23. Nf3 Nd6 24. Nd2 Bd7 25. Re1 Re8 26. Qc3 Re7 27. Re2 Rce8
1/2-1/2

[Event "European Club Cup 2006"]
[Site "Fuegen AUT"]
[Date "2006.10.13"]
[Round "6.41"]
[White "Kuehn, Peter"]
[Black "Dvoirys, Semen"]
[Result "1/2-1/2"]
[WhiteElo "2384"]
[BlackElo "2553"]
[PlyCount "55"]
[EventDate "2006.10.08"]
[EventType "team"]
[EventRounds "7"]
[EventCountry "AUT"]
[Source "lmi"]
[SourceDate "2006.10.08"]

1. d4 Nf6 2. Nf3 g6 3. Bg5 Bg7 4. Nbd2 d6 5. e4 h6 6. Bh4 O-O 7. c3 Nc6 8. Bb5
Bd7 9. O-O Qe8 10. a4 e5 11. dxe5 Nxe5 12. Nxe5 Bxb5 13. axb5 Qxe5 14. Bxf6
Bxf6 15. Qe2 Bg5 16. Nf3 Qc5 17. Ra4 Rfe8 18. Qc4 Qb6 19. Rfa1 Re6 20. h4 Bf6
21. h5 gxh5 22. Qd5 c6 23. Qxh5 cxb5 24. Rb4 Qc5 25. Qxc5 dxc5 26. Rxb5 b6 27.
e5 Bg7 28. Ra6 1/2-1/2

[Event "European Club Cup 2006"]
[Site "Fuegen AUT"]
[Date "2006.10.13"]
[Round "6.42"]
[White "Greenfeld, Alon"]
[Black "Weindl, Alfred"]
[Result "1-0"]
[WhiteElo "2567"]
[BlackElo "2360"]
[PlyCount "79"]
[EventDate "2006.10.08"]
[EventType "team"]
[EventRounds "7"]
[EventCountry "AUT"]
[Source "lmi"]
[SourceDate "2006.10.08"]

1. d4 Nf6 2. Nf3 g6 3. g3 Bg7 4. Bg2 O-O 5. O-O d6 6. c4 Nbd7 7. Nc3 e5 8. e4
c6 9. h3 Qb6 10. Re1 exd4 11. Nxd4 Ne8 12. Nb3 a5 13. Be3 Qb4 14. Nd4 a4 15. a3
Qa5 16. f4 Nc5 17. Qc2 Be6 18. Bf1 Nf6 19. Rad1 Rfe8 20. Bf2 Rad8 21. e5 dxe5
22. Rxe5 Nfd7 23. Nxe6 Rxe6 24. Rxc5 Nxc5 25. Rxd8+ Qxd8 26. Bxc5 Bd4+ 27. Bxd4
Qxd4+ 28. Qf2 c5 29. Qxd4 cxd4 30. Nxa4 Re3 31. Nc5 Rxg3+ 32. Kf2 Re3 33. a4 b6
34. Nd3 Kf8 35. c5 bxc5 36. Nxc5 Ke7 37. a5 Kd6 38. a6 Re7 39. b4 Kc6 40. Na4
1-0

[Event "European Club Cup 2006"]
[Site "Fuegen AUT"]
[Date "2006.10.13"]
[Round "6.44"]
[White "Hochstrasser, Michael"]
[Black "Volokitin, Andrei"]
[Result "0-1"]
[WhiteElo "2363"]
[BlackElo "2645"]
[PlyCount "64"]
[EventDate "2006.10.08"]
[EventType "team"]
[EventRounds "7"]
[EventCountry "AUT"]
[Source "lmi"]
[SourceDate "2006.10.08"]

1. d4 Nf6 2. c4 g6 3. Nc3 Bg7 4. e4 d6 5. f3 O-O 6. Bg5 c5 7. d5 h6 8. Be3 e6
9. Qd2 exd5 10. cxd5 Re8 11. Nge2 Nbd7 12. Nc1 a6 13. a4 Nh5 14. g4 Ne5 15. Be2
Qh4+ 16. Kd1 Nxf3 17. Bxf3 Bxc3 18. bxc3 Bxg4 19. Qe2 Rxe4 20. Bxg4 Rxg4 21.
Rf1 Rxa4 22. Rb1 b5 23. Bxh6 Nf6 24. Qf3 Qxh6 25. Qxf6 Qh5+ 26. Qf3 Rf4 27.
Qxh5 Rxf1+ 28. Ke2 Rxc1 29. Qg4 Re8+ 30. Kd2 Rxb1 31. Qd7 Rbe1 32. Qxd6 c4 0-1

[Event "European Club Cup 2006"]
[Site "Fuegen AUT"]
[Date "2006.10.13"]
[Round "6.45"]
[White "Najer, Evgeniy"]
[Black "Moor, Olivier"]
[Result "1-0"]
[WhiteElo "2648"]
[BlackElo "2388"]
[PlyCount "63"]
[EventDate "2006.10.08"]
[EventType "team"]
[EventRounds "7"]
[EventCountry "AUT"]
[Source "lmi"]
[SourceDate "2006.10.08"]

1. d4 d5 2. c4 e6 3. Nc3 Nf6 4. cxd5 exd5 5. Bg5 c6 6. e3 Be7 7. Bd3 Ne4 8. Bf4
Nxc3 9. bxc3 Bd6 10. Ne2 b6 11. O-O O-O 12. c4 Bb7 13. cxd5 cxd5 14. Qb3 Na6
15. Rfc1 h6 16. Rab1 Nc7 17. a4 Rb8 18. h3 Bxf4 19. Nxf4 Qd6 20. a5 Ba8 21.
axb6 axb6 22. Qb4 Qxb4 23. Rxb4 Ne6 24. Nxe6 fxe6 25. Rcb1 Rf7 26. Rxb6 Rfb7
27. Rxb7 Rxb7 28. Rc1 Kf7 29. Rc8 Ra7 30. Kh2 Ke7 31. Bb5 Ra5 32. Rc7+ 1-0

[Event "European Club Cup 2006"]
[Site "Fuegen AUT"]
[Date "2006.10.13"]
[Round "6.46"]
[White "Zenklusen, Rico"]
[Black "Volkov, Sergey"]
[Result "0-1"]
[WhiteElo "2348"]
[BlackElo "2628"]
[PlyCount "66"]
[EventDate "2006.10.08"]
[EventType "team"]
[EventRounds "7"]
[EventCountry "AUT"]
[Source "lmi"]
[SourceDate "2006.10.08"]

1. e4 e6 2. d4 d5 3. Nc3 Nf6 4. Bg5 Bb4 5. e5 h6 6. Be3 Ne4 7. Qg4 Kf8 8. a3
Bxc3+ 9. bxc3 Nxc3 10. Bd3 Nc6 11. Nh3 f5 12. Qg3 Qe8 13. Qh4 Qe7 14. Bg5 Qf7
15. f3 Kg8 16. Bd2 Na4 17. Rb1 Nb6 18. c3 Nc4 19. Bc1 Qe7 20. Qg3 Nxa3 21. Ra1
Nc4 22. Nf4 Qf7 23. h4 h5 24. Qf2 Ne7 25. Rh3 Ng6 26. Ne2 Bd7 27. Rg3 c5 28.
Rg5 cxd4 29. cxd4 a5 30. Bd2 Nxd2 31. Kxd2 a4 32. Qg3 Rh6 33. Nc3 Nf8 0-1

[Event "European Club Cup 2006"]
[Site "Fuegen AUT"]
[Date "2006.10.13"]
[Round "6.49"]
[White "Van Wely, Loek"]
[Black "Agrest, Evgenij"]
[Result "1-0"]
[WhiteElo "2676"]
[BlackElo "2557"]
[PlyCount "75"]
[EventDate "2006.10.08"]
[EventType "team"]
[EventRounds "7"]
[EventCountry "AUT"]
[Source "lmi"]
[SourceDate "2006.10.08"]

1. d4 d5 2. c4 c6 3. Nf3 Nf6 4. Nc3 e6 5. Bg5 dxc4 6. e4 b5 7. e5 h6 8. Bh4 g5
9. Nxg5 hxg5 10. Bxg5 Nbd7 11. exf6 Bb7 12. g3 c5 13. d5 Qc7 14. Bg2 b4 15. d6
Qb6 16. Ne4 O-O-O 17. O-O Bd5 18. Qe2 Qc6 19. b3 Nb6 20. Bf4 Bxd6 21. Bxd6 Bxe4
22. Bxe4 Qxd6 23. Rad1 Qc7 24. bxc4 Na4 25. Qe3 Rxd1 26. Rxd1 Nc3 27. Re1 Nxa2
28. Bg2 Qb6 29. h4 Nc3 30. g4 a5 31. g5 a4 32. Qf3 Rg8 33. Qa8+ Qb8 34. Qa6+
Kd8 35. Re3 Rg6 36. Qc6 Qf4 37. Rd3+ Nd5 38. cxd5 1-0

[Event "European Club Cup 2006"]
[Site "Fuegen AUT"]
[Date "2006.10.13"]
[Round "6.50"]
[White "Berg, Emanuel"]
[Black "Zhang, Pengxiang"]
[Result "1-0"]
[WhiteElo "2582"]
[BlackElo "2636"]
[PlyCount "123"]
[EventDate "2006.10.08"]
[EventType "team"]
[EventRounds "7"]
[EventCountry "AUT"]
[Source "lmi"]
[SourceDate "2006.10.08"]

1. e4 e6 2. d4 d5 3. Nc3 Bb4 4. e5 c5 5. a3 Bxc3+ 6. bxc3 Qa5 7. Bd2 Qa4 8. Qg4
g6 9. Qd1 Nc6 10. Rb1 a6 11. Nf3 b5 12. h4 h6 13. dxc5 Nge7 14. Bd3 Nf5 15. Rb4
Qxa3 16. O-O Bd7 17. Qe2 d4 18. Rxd4 Ncxd4 19. cxd4 Bc6 20. Be4 Rc8 21. Bxc6+
Rxc6 22. Qe4 Ne7 23. Nh2 h5 24. Bg5 Nd5 25. Bf6 Rf8 26. Nf3 Qc3 27. Ng5 Qc4 28.
Rd1 Kd7 29. Qf3 Qxc2 30. Bg7 Re8 31. Ne4 Kc7 32. Kh2 Re7 33. Rd2 Qc1 34. Bh6
Rd7 35. Nd6 Qb1 36. Rd1 Qc2 37. Rd2 Qc3 38. Rd3 Qb2 39. Rd2 Qb4 40. Nxf7 Ne7
41. Nd6 Nf5 42. Bg5 a5 43. Rd3 Nxd6 44. exd6+ Kb7 45. Qh3 Rdxd6 46. Bd2 Qc4 47.
cxd6 b4 48. Qf3 Qd5 49. Qxd5 exd5 50. Bf4 Rc8 51. Rd1 Rd8 52. Rc1 Kb6 53. Rc5
b3 54. Bd2 b2 55. Bxa5+ Ka6 56. Bxd8 b1=Q 57. Rc6+ Ka7 58. d7 Qf5 59. Bb6+ Kb7
60. d8=Q Qf4+ 61. Kg1 Kxc6 62. g3 1-0